000 00717nam a2200253Ia 4500
003 OSt
005 20221005093908.0
006 a|||||r|||| 00| 0
007 ta
008 221004b |||||||| |||| 00| 0 eng d
020 _a0631201696
024 _a29955
037 _cTextual
040 _aCRL
_cCRL
_beng
041 _2eng
_aeng
082 _aV677:7, N2
100 _aMidant-Reynes Beatrix
_9618790
245 0 _aPrehistory of Egypt
_b From the first Egyptians to the first Pharaohs Tr by Ian Shaw
260 _aOxford
_bBlackwell
_c1992
300 _a328p.
_ccm.
650 _aEGYPT - HISTORY
942 _hV677:7, N2
_cTEXL
_2cc
999 _c1001099
_d1001099